000
00344nam a2200157Ia 4500
003
OSt
005
20240302163147.0
008
170523s9999 xx 000 0 und d
020
_a
B09W1CBS1S
040
_c
IIMTU
100
_a
KAZMI- AZHER
245
0
_a
BUSINESS POLICY
260
_b
TATA MC GRAW HILL
260
_c
1999
942
_2
ddc
_c
02
999
_c
866
_d
866